| 000 | 00340nam a2200133Ia 4500 | ||
|---|---|---|---|
| 008 | 240624s9999 xx 000 0 und d | ||
| 041 | _aeng | ||
| 082 | _a658 ICF | ||
| 100 | _aICFAI | ||
| 245 | _aCORPORATE TURNAROUND CONCEPTS AND CASES | ||
| 260 |
_c2003 _aHyderabad _bICFAI press |
||
| 300 | _aviii, : 162 : p. : cm. ; 23 | ||
| 365 |
_cRS _b50 |
||
| 999 |
_c6426 _d6426 |
||